000 00330nam a2200133Ia 4500
005 20251222144647.0
008 251222s9999||||xx |||||||||||||| ||spa||
082 _a800/B25
100 _aBarrios, Alfonsina
245 0 _aLima el Valle del Dios que Habla
250 _a1ra.ed.
264 _bEditorial Universo, S.A.
942 _cLIB
999 _c16906
_d16906